[Event "40th TCh-GRE 2012"]
[Site "Achaea GRE"]
[Date "2012.07.01"]
[Round "3.2"]
[White "Papadimitriou,A"]
[Black "Halkias,S"]
[Result "0-1"]
[WhiteElo "2211"]
[BlackElo "2570"]

1.Nf3 d5 2.g3 Nf6 3.Bg2 c6 4.O-O Bf5 5.d4 h6 6.c4 e6 7.b3 Nbd7 8.Bb2 Be7
9.Nc3 O-O 10.Nd2 Bb4 11.a3 Ba5 12.b4 Bb6 13.Na4 Bc7 14.Nc5 Nxc5 15.bxc5 Ba5
16.Rc1 Rb8 17.Nb3 Bc7 18.Bc3 Re8 19.Nd2 Bg4 20.Re1 Ba5 21.Qb3 Bxc3 22.Qxc3 e5
23.e3 e4 24.cxd5 cxd5 25.Rb1 h5 26.Rb3 h4 27.Reb1 Qc7 28.a4 Be2 29.Qb2 Bd3
30.Rc1 Qc6 31.Bf1 hxg3 32.fxg3 Ng4 33.Bxd3 exd3 34.Rxd3 Nxe3 35.Nf1 Nc4 36.Qb5 Re2
37.Qxc6 bxc6 38.Rdd1 Rbb2 39.Rb1 Kf8 40.Rxb2 Nxb2 41.Rb1 Nxa4 42.Rb8+ Re8
43.Rb3 Re2 44.Ra3 Nb2 45.Ne3 g6 46.Ng4 Nc4 47.Rxa7 Re4 48.Nf6 Rxd4 49.Nd7+ Kg7
50.Rc7 Rd2 51.Rxc6 d4 52.Nb6 Ne5 53.Rd6 d3 54.Nd5 Nf3+ 55.Kf1 Nxh2+ 56.Ke1 Re2+
57.Kd1 Nf3 58.Kc1 Rc2+ 59.Kd1 Rg2 60.Kc1 Rc2+ 61.Kd1 Ra2  0-1

[Event "40th TCh-GRE 2012"]
[Site "Achaea GRE"]
[Date "2012.07.01"]
[Round "3.5"]
[White "Moser,E"]
[Black "Manolaraki,Y"]
[Result "1-0"]
[WhiteElo "2469"]
[BlackElo "1991"]

1.g3 d5 2.Nf3 Nf6 3.Bg2 c6 4.c4 e6 5.b3 Bd6 6.Bb2 O-O 7.O-O Nbd7 8.d3 e5
9.Na3 a6 10.Nc2 Ng4 11.e4 dxe4 12.dxe4 Qe7 13.Qe2 Ngf6 14.h3 Nc5 15.Nh4 b5
16.Rad1 Qc7 17.f4 Re8 18.Rfe1 Bd7 19.f5 Nb7 20.Kh2 c5 21.Ne3 b4 22.Nf3 a5
23.g4 Bc6 24.Nd2 a4 25.g5 Nd7 26.Ng4 axb3 27.axb3 Ra2 28.Rb1 Na5 29.f6 Bb7
30.fxg7 Kxg7 31.Qf2 Qd8 32.Nh6 Be7 33.Qxf7+ Kh8 34.Qe6 Qc7 35.Qxd7 Rd8 36.Qxc7  1-0

[Event "7th Vladimir Dvorkovich Cup"]
[Site "Moscow RUS"]
[Date "2012.07.01"]
[Round "3.3"]
[White "Shtembuliak,E"]
[Black "Kanjaryan,V"]
[Result "1-0"]
[WhiteElo "2189"]
[BlackElo "2116"]

1.Nf3 d5 2.g3 Nf6 3.Bg2 c5 4.O-O g6 5.d3 Bg7 6.Nc3 O-O 7.a3 Nc6 8.Bf4 d4
9.Na4 Nd7 10.c4 a6 11.b4 cxb4 12.axb4 Nxb4 13.Qb3 Nc6 14.Rfb1 e5 15.Bc1 Re8
16.Ng5 Bf6 17.Ne4 Be7 18.Ba3 Rb8 19.Nd6 Nc5 20.Bxc5 Bxd6 21.Qa3 Bc7 22.Nb6 Be6
23.Nd5 Bg4 24.Nxc7 Qxc7 25.Bd6 Qd7 26.Bxb8 Rxb8 27.Rb6 Rc8 28.Rab1 Rc7 29.Bxc6 bxc6
30.Rb8+ Kg7 31.Qf8+  1-0

[Event "NIKI Open 2012"]
[Site "Nachod CZE"]
[Date "2012.07.01"]
[Round "2.11"]
[White "Krejci,Jan1"]
[Black "Saucuk,Martin"]
[Result "0-1"]
[WhiteElo "2205"]
[BlackElo "1939"]

1.Nf3 d5 2.g3 c5 3.d4 e6 4.c3 Nc6 5.Bg2 Nf6 6.O-O Be7 7.b3 O-O 8.Bb2 b6 9.c4 Bb7
10.Nbd2 Rc8 11.Rc1 Qc7 12.e3 Rfd8 13.Qe2 Qb8 14.Rfe1 Ne4 15.Red1 Bf6 16.Nxe4 dxe4
17.Nd2 Nb4 18.Nxe4 Bxe4 19.Bxe4 Nxa2 20.Ra1 Nb4 21.Qh5 h6 22.Rd2 Rc7 23.Rad1 Rcd7
24.h4 cxd4 25.exd4 Qd6 26.Ba3 a5 27.Qe2 Qc7 28.Bb2 Qd6 29.Bb1 Qc6 30.Qg4 a4
31.Ba3 Na6 32.Be4 Qc7 33.Bc2 b5 34.bxa4 b4 35.Bb2 Qxc4 36.Bd3 Qc8 37.Rc2 Qb7
38.Re2 Nc7 39.Re4 Nd5 40.Bb5 Rd6 41.Rd3 Qc8 42.Qf3 Qc7 43.Rg4 Qc2 44.Rb3 Rc8
45.Bd3 Qd2 46.Be4 Nc3 47.Qxf6 Qd1+ 48.Kg2 Qxg4 49.Bf3 gxf6 50.Bxg4 Rxd4 51.Bf3 Rdc4
52.a5 Nd5 53.a6 Ra8 54.Bxf6 Rxa6 55.Be2 Rac6 56.Bxc4 Rxc4 57.Be5 h5 58.Rb1 Kh7
59.Kf3 Kg6 60.Rb3 Kf5 61.Bb2 Nc3 62.Bc1 e5 63.Bd2 Nd5 64.Be1 e4+ 65.Ke2 Ke5
66.Bd2 f5 67.f3 Kd4 68.fxe4 fxe4 69.Bh6 e3 70.Rd3+ Ke4 71.Bxe3 Nc3+ 72.Rxc3 bxc3
73.Bc1 c2 74.Kd2 Kf3  0-1

[Event "40th TCh-GRE 2012"]
[Site "Achaea GRE"]
[Date "2012.07.02"]
[Round "4.6"]
[White "Prohaszka,P2"]
[Black "Miton,K"]
[Result "1/2-1/2"]
[WhiteElo "2554"]
[BlackElo "2622"]

1.Nf3 d5 2.g3 g6 3.Bg2 Bg7 4.d4 Nf6 5.O-O O-O 6.c3 b6 7.a4 a5 8.Ne5 Bb7 9.Nd2 Nbd7
10.Nd3 c5 11.b3 Ne4 12.Bb2 Rc8 13.Rc1 cxd4 14.cxd4 Rxc1 15.Qxc1 Qc8 16.Nf3 Qxc1
17.Rxc1 Rc8 18.Rxc8+ Bxc8 19.Nfe5 e6 20.Nxd7 Bxd7 21.Bxe4 dxe4 22.Ne5 Bxe5
23.dxe5 Bc6 24.Bd4 Bd5 25.Bxb6 Bxb3 26.Bxa5 Bxa4 27.f4 Bc6 28.Kf2 Bd5 29.Bb4 h5
30.h4 Bc6 31.Ke3  1/2-1/2

[Event "7th Vladimir Dvorkovich Cup"]
[Site "Moscow RUS"]
[Date "2012.07.02"]
[Round "4.15"]
[White "Shtembuliak,E"]
[Black "Sanzhaev,D"]
[Result "0-1"]
[WhiteElo "2189"]
[BlackElo "2292"]

1.Nf3 d5 2.g3 c6 3.Bg2 Bg4 4.O-O Nd7 5.d3 Ngf6 6.Nbd2 e5 7.e4 dxe4 8.Nxe4 Nxe4
9.dxe4 Bc5 10.Qe1 Qb6 11.b3 O-O 12.Bb2 f6 13.Nd2 Be6 14.Qe2 a5 15.Bf3 Rfd8
16.Bg4 Bf7 17.Rad1 Nf8 18.c3 Kh8 19.Kh1 a4 20.b4 Bxa2 21.f4 exf4 22.gxf4 Be3
23.e5 fxe5 24.fxe5 Bxd2 25.Rxd2 Rxd2 26.Qxd2 Bd5+ 27.Bf3 Qb5 28.Kg1 Bxf3
29.Rxf3 Ne6 30.Qd7 Qxe5 31.Qxb7 Rd8 32.Bc1 Ng5 33.Re3 Rd1+ 34.Kg2 Qd5+ 35.Kf2 Qf5+
36.Kg2 Qg4+ 37.Kf2 Qg1+  0-1

[Event "40th TCh-GRE 2012"]
[Site "Achaea GRE"]
[Date "2012.07.03"]
[Round "5.9"]
[White "Erdos,V"]
[Black "Pavlidis,Ana"]
[Result "1-0"]
[WhiteElo "2624"]
[BlackElo "2360"]

1.Nf3 d5 2.g3 Nf6 3.Bg2 g6 4.c4 c6 5.b3 Bg7 6.Bb2 O-O 7.O-O Bg4 8.d3 Nbd7
9.Nbd2 Re8 10.h3 Bxf3 11.Nxf3 e5 12.cxd5 Nxd5 13.Qc2 N7b6 14.a3 a5 15.Nd2 a4
16.b4 Nc7 17.e3 Nb5 18.Rfd1 Qc7 19.Rac1 Red8 20.h4 Nd6 21.Qb1 Qe7 22.Qa1 Rac8
23.Rc5 Nd7 24.Rc2 Nb6 25.Bh3 f5 26.e4 Rf8 27.Re1 Rce8 28.Qd1 f4 29.Nf3 Nb5
30.Kg2 Qd6 31.Rc5 h6 32.Rf1 Re7 33.Bc1 Rd8 34.Ne1 Nd4 35.Bb2 Nb5 36.h5 g5
37.Bf5 Nd4 38.Bxd4 Qxd4 39.Qc2 Qd6 40.Rc3 Na8 41.Qxa4 Nc7 42.Qb3+ Kh8 43.a4 Bf8
44.Nf3 Na6 45.b5 Nc5 46.Qc2 Rf7 47.bxc6 fxg3 48.fxg3 bxc6 49.Kh2 Ra7 50.Rd1 Rxa4
51.Rd2 Rda8 52.Rc4 Ra2 53.Qxa2 Rxa2 54.Rxa2 Qxd3 55.Nxe5 Qf1 56.Rac2 Kg7
57.Nxc6 Qd1 58.e5 Qxh5+ 59.Kg2 g4 60.Rxg4+ Kh8 61.Nd4 Qe8 62.Nf3 Qf7 63.Nh4 Qd5+
64.Kh2 Qd1 65.Ra2 h5 66.Rg5 Nd7 67.Bxd7 Qxd7 68.Ng6+ Kg8 69.Nxf8+ Kxf8 70.Rf2+  1-0

[Event "ch-Pan Americano U20 2012"]
[Site "Sao Paulo BRA"]
[Date "2012.07.03"]
[Round "8.25"]
[White "Gomes Silverio,Taua"]
[Black "Cajahuanca Ramirez,Olindo"]
[Result "0-1"]
[WhiteElo "1675"]
[BlackElo "1865"]

1.Nf3 d5 2.g3 Nf6 3.Bg2 Nbd7 4.O-O e5 5.d3 Bc5 6.Nbd2 O-O 7.e4 c6 8.h3 a5
9.a4 Qe7 10.Re1 Re8 11.Nf1 dxe4 12.dxe4 Nf8 13.c3 Ng6 14.Qc2 Be6 15.Be3 Nd7
16.Ng5 Bc4 17.Bxc5 Nxc5 18.Nd2 Bd3 19.Qd1 Qxg5 20.Nf3 Qd8 21.Nd2 Qb6 22.b3 Rad8
23.f3 Nxe4+ 24.Kh2 Nxc3  0-1

[Event "40th TCh-GRE 2012"]
[Site "Achaea GRE"]
[Date "2012.07.04"]
[Round "6.5"]
[White "Kalogeris,I"]
[Black "Samakas,Stavros"]
[Result "1-0"]
[WhiteElo "1903"]
[BlackElo "1450"]

1.g3 d5 2.Nf3 Nf6 3.Bg2 Bg4 4.O-O e6 5.b3 Be7 6.Bb2 O-O 7.Ne5 Bf5 8.d3 Nbd7
9.f4 h6 10.c4 c6 11.h3 Nxe5 12.fxe5 Nd7 13.Nd2 Qc7 14.d4 f6 15.g4 Bh7 16.exf6 Bxf6
17.Kh1 Nb6 18.Rc1 dxc4 19.Nxc4 Nd5 20.e4 Ne7 21.Qe2 Rad8 22.Rcd1 Ng6 23.e5 Be7
24.Be4 Rxf1+ 25.Qxf1 Nf8 26.Bg2 Ng6 27.Be4 Nf8 28.Qf3 Bxe4 29.Qxe4 Nh7 30.Rf1 Rf8
31.Rxf8+ Bxf8 32.Qg6 Qd7 33.Qe4 Ng5 34.Qg2 c5 35.h4 Nf7 36.Qf2 Qd5+ 37.Kh2 cxd4
38.Bxd4 b5 39.Nd2 Nxe5 40.Bxe5 Qxe5+ 41.Kh3 Bc5 42.Qf3 Qd5 43.Ne4 Bb6 44.Kg3 Qe5+
45.Kh3 Bc7 46.g5 h5 47.Qe2 Qf4 48.b4 a6 49.a3 Bb8  1-0

[Event "Perla Baltyku Open 2012"]
[Site "Lazy POL"]
[Date "2012.07.04"]
[Round "5.6"]
[White "Urban,K"]
[Black "Antonov,Al2"]
[Result "1/2-1/2"]
[WhiteElo "2463"]
[BlackElo "2119"]

1.Nf3 d5 2.g3 Nf6 3.Bg2 Bf5 4.c4 e6 5.Qb3 Nc6 6.O-O Rb8 7.d3 h6 8.Rd1 Be7
9.h3 O-O 10.e4 Bh7 11.exd5 exd5 12.Nc3 d4 13.Nd5 Bc5 14.Qb5 Nxd5 15.Qxc5 Nf6
16.Ne5 Nxe5 17.Qxe5 c6 18.Qc5 Ra8 19.b4 Qb6 20.Qxb6 axb6 21.Bb2 Ra4 22.Bxd4 Rxb4
23.Rab1 Rxb1 24.Rxb1 Bxd3 25.Rxb6 Bxc4 26.Rxb7 Bxa2 27.Bxc6 Rd8  1/2-1/2

[Event "8th RUS-CHN Summit Women Classical"]
[Site "St Petersburg RUS"]
[Date "2012.07.04"]
[Round "3"]
[White "Ding Yixin"]
[Black "Gunina,V"]
[Result "1/2-1/2"]
[WhiteElo "2422"]
[BlackElo "2533"]

1.Nf3 d5 2.g3 Nf6 3.Bg2 c6 4.O-O Bg4 5.c4 e6 6.b3 Be7 7.Bb2 O-O 8.d3 a5 9.a3 Nbd7
10.Nbd2 Bd6 11.h3 Bh5 12.cxd5 exd5 13.Nd4 Re8 14.N2f3 Ne5 15.Qd2 Qd7 16.Nxe5 Bxe5
17.g4 c5 18.Nf3 Bxb2 19.Qxb2 Bg6 20.Ne5 Qd6 21.Nxg6 fxg6 22.d4 Ne4 23.dxc5 Qxc5
24.Rac1 Qb6 25.e3 Rad8 26.Rfd1 Qd6 27.b4 axb4 28.Qxb4 Qf6 29.Rc2 h5 30.Qd4 Qf8
31.Rb1 Re7 32.Rb5 Qf7 33.a4 Kh7 34.Rb1 Rf8 35.Rd1 hxg4 36.hxg4 Qe6 37.Qxd5 Qxg4
38.Rd4 Rf3 39.Qd8 Ref7 40.Qd5 Re7 41.a5 Re6 42.Qxb7 Rf5 43.Rc7 Kh6 44.Rxg7 Qe2
45.Rh7+ Kg5 46.Rxe4 Qxf2+ 47.Kh2 Ref6 48.Qb4 Qxg2+ 49.Kxg2 Rf2+ 50.Kg1 Rf1+
51.Kg2 R6f2+ 52.Kg3 Rf3+  1/2-1/2

[Event "40th TCh-GRE 2012"]
[Site "Achaea GRE"]
[Date "2012.07.05"]
[Round "7.6"]
[White "Moser,E"]
[Black "Zawadzka,J"]
[Result "0-1"]
[WhiteElo "2469"]
[BlackElo "2361"]

1.g3 d5 2.Nf3 Bg4 3.Bg2 c6 4.c4 Nd7 5.cxd5 cxd5 6.Nc3 Ngf6 7.Qb3 e6 8.Qxb7 Bc5
9.O-O O-O 10.Qb3 Rb8 11.Qd1 e5 12.Nxe5 Bxf2+ 13.Rxf2 Nxe5 14.d4 Nc4 15.b3 Qa5
16.Na4 Nd6 17.Bd2 Qa6 18.Nc5 Qb5 19.Bf4 Rbd8 20.Qd3 Qe8 21.Bxd6 Rxd6 22.e4 dxe4
23.Nxe4 Nxe4 24.Bxe4 g6 25.Bg2 Qd7 26.d5 Re8 27.Raf1 Re7 28.Rc1 Qe8 29.Qd4 h5
30.h3 Bf5 31.Rc6 Qxc6  0-1

[Event "40th TCh-GRE 2012"]
[Site "Achaea GRE"]
[Date "2012.07.05"]
[Round "7.9"]
[White "Maris,Io"]
[Black "Pantazopoulos,S"]
[Result "1/2-1/2"]
[WhiteElo "1992"]
[BlackElo "2103"]

1.Nf3 d5 2.g3 c6 3.Bg2 Bg4 4.c4 e6 5.cxd5 exd5 6.Qb3 Qb6 7.Qa4 Nf6 8.O-O Bd6
9.d3 O-O 10.Nc3 Nbd7 11.Rb1 a5 12.Be3 Bc5 13.Bxc5 Nxc5 14.Qd4 Qb4 15.a3 Qxd4
16.Nxd4 Rfe8 17.Rfe1 h6 18.h3 Bd7 19.Rec1 Rec8 20.g4 Kf8 21.f4 g6 22.Nf3 Be6
23.Nd4 Bd7 24.Kf2 Ne8 25.Nd1 Ne6 26.Nxe6+ fxe6 27.e4 Nd6 28.Ne3 Ke7 29.Re1 dxe4
30.dxe4 Rf8 31.Kg3 g5 32.f5 e5 33.Red1 Be8 34.Rbc1 b6 35.Rxd6 Kxd6 36.Nc4+ Kc7
37.Nxe5 Rd8 38.Nxc6 Rd3+ 39.Kh2 Rd2 40.Ne5+ Kb8 41.Nc4 Re2 42.Kh1 Bb5 43.Nxb6 Kb7
44.Nd5 Bc6 45.b4 Rd8 46.Nc3 Rb2 47.b5 Bxb5 48.e5+ Kb8 49.Nxb5 Rxb5 50.Re1 Kc7
51.e6 Rbb8 52.e7 Re8 53.f6 Kd7 54.Bd5 Rb6 55.Bf7 Rxf6 56.Bxe8+ Kxe8 57.Re3 Rf2
58.Kg1 Rf6 59.Kg2 Rf4  1/2-1/2

[Event "40th TCh-GRE 2012"]
[Site "Achaea GRE"]
[Date "2012.07.05"]
[Round "7.10"]
[White "Hristof,Petros"]
[Black "Pramateftaki,Loukia"]
[Result "0-1"]
[WhiteElo "1469"]
[BlackElo "1334"]

1.Nf3 d5 2.g3 Nf6 3.Bg2 Nc6 4.d4 Bf5 5.c3 e6 6.O-O Bd6 7.Nbd2 O-O 8.Nh4 Bg6
9.Nxg6 fxg6 10.e4 dxe4 11.Nxe4 Nxe4 12.Bxe4 Qd7 13.Be3 Kh8 14.Qg4 Qf7 15.Rad1 Rae8
16.f4 Qf6 17.Qf3 Rb8 18.b4 a5 19.b5 Na7 20.c4 b6 21.a4 Bb4 22.g4 Rbd8 23.g5 Qe7
24.h4 Qf7 25.Kg2 Nc8 26.c5 Ne7 27.Qg4 Nd5 28.Bxd5 exd5 29.cxb6 cxb6 30.Bd2 Bxd2
31.Rxd2 Rc8 32.Qd1 Qf5 33.Kg3 Rc3+ 34.Kg2 Qh3+ 35.Kg1 Rg3+ 36.Kf2 Rxf4+  0-1

[Event "6th LCT GpA 2012"]
[Site "Leiden NED"]
[Date "2012.07.06"]
[Round "1.14"]
[White "Noordkamp,W"]
[Black "Van der Wiel,J"]
[Result "1/2-1/2"]
[WhiteElo "2032"]
[BlackElo "2430"]

1.Nf3 d5 2.g3 c6 3.Bg2 Bg4 4.h3 Bh5 5.d4 Nd7 6.O-O e6 7.Bf4 Be7 8.Nbd2 g5
9.Be3 f5 10.Nb3 Bf6 11.Qd2 h6 12.Rac1 Ne7 13.c4 Rg8 14.Na5 Bxf3 15.exf3 f4
16.gxf4 Qb6 17.fxg5 hxg5 18.b4 a6 19.Rfe1 Kf7  1/2-1/2

[Event "5th Int ch-Central Serbia 2012"]
[Site "Paracin SRB"]
[Date "2012.07.06"]
[Round "1.20"]
[White "Martinovic,Sl"]
[Black "Matsenko,A"]
[Result "1/2-1/2"]
[WhiteElo "2447"]
[BlackElo "2163"]

1.Nf3 d5 2.g3 c6 3.Bg2 Nf6 4.O-O Bf5 5.d3 e6 6.Nbd2 h6 7.Qe1 Be7 8.e4 Bh7
9.Qe2 O-O 10.b3 Nbd7 11.Bb2 a5 12.a4 Nc5 13.Ne5 Na6 14.Rad1 Nb4 15.Nb1 Nd7
16.Nxd7 Qxd7 17.h4 Rae8 18.f4 b5 19.Kh2 bxa4 20.bxa4 Na6 21.Qg4 d4 22.Nd2 Rb8
23.Nc4 c5 24.Ra1 Nb4 25.Rf2 Nc6 26.Bc1 Kh8 27.Bd2 Qc7 28.f5 e5 29.Qh5 Qd8
30.Raf1 f6 31.g4 Qe8 32.Qxe8 Rfxe8 33.Ra1 Bg8 34.Nxa5 Nxa5 35.Bxa5 Rb2 36.Be1 Ra8
37.Kg3 Ra2 38.Rxa2 Bxa2 39.a5 Bb1 40.Bf1 Bd8 41.c4 dxc3 42.Bxc3 Bxa5 43.Bxa5  1/2-1/2

[Event "II Holuj-Radzikowski Mem"]
[Site "Warsaw POL"]
[Date "2012.07.06"]
[Round "6.3"]
[White "Batsiashvili,N"]
[Black "Haast,A"]
[Result "1/2-1/2"]
[WhiteElo "2434"]
[BlackElo "2255"]

1.Nf3 d5 2.g3 g6 3.Bg2 Bg7 4.d4 Nf6 5.c4 c6 6.O-O O-O 7.cxd5 cxd5 8.Ne5 Ne4
9.f3 Nd6 10.Nc3 e6 11.f4 Nc6 12.e3 Ne7 13.b3 b6 14.Ba3 Ba6 15.Rf2 Rc8 16.Rc1 Re8
17.g4 f6 18.Nd3 Qd7 19.Rfc2 Rxc3 20.Rxc3 Nb5 21.Bf1 Nxc3 22.Rxc3 Bb7 23.Qc2 Rc8
24.Rxc8+ Nxc8 25.Qg2 Nd6 26.g5 fxg5 27.Qxg5 Nf5 28.Kf2 Bh6 29.Qg4 Qc7 30.Ne5 Qc3
31.Qe2 Ba6 32.Qxa6 Qxe3+ 33.Kg2 Nh4+ 34.Kh1 Qe4+ 35.Kg1 Qxd4+ 36.Kh1 Qe4+
37.Kg1 Qd4+ 38.Kh1 Qe4+ 39.Kg1 Qd4+ 40.Kh1 Qe4+ 41.Kg1  1/2-1/2

[Event "World Rapid Final"]
[Site "Astana KAZ"]
[Date "2012.07.07"]
[Round "10"]
[White "Radjabov,T"]
[Black "Dreev,A"]
[Result "1/2-1/2"]
[WhiteElo "2788"]
[BlackElo "2677"]

1.Nf3 d5 2.g3 c6 3.Bg2 Bf5 4.c4 e6 5.b3 Nf6 6.O-O Be7 7.Bb2 O-O 8.d3 h6 9.Nbd2 c5
10.Ne5 Nbd7 11.Re1 d4 12.Nxd7 Qxd7 13.Nf3 Qc7 14.b4 e5 15.e3 dxe3 16.Rxe3 Ng4
17.Re1 Rad8 18.Nxe5 Bf6 19.Qf3 Bxe5 20.Bxe5 Nxe5 21.Qxf5 Nxd3 22.Re2 Nxb4
23.a3 Nc6 24.Qxc5 Rfe8 25.Rxe8+ Rxe8 26.Bxc6 bxc6 27.Rd1 Qb6 28.Qxb6 axb6
29.Rb1 Re4 30.Rxb6 Rxc4 31.a4 Rxa4 32.Rxc6  1/2-1/2

[Event "ch-MNE 2012"]
[Site "Cetinje MNE"]
[Date "2012.07.07"]
[Round "1.2"]
[White "Drasko,M"]
[Black "Kalezic,B"]
[Result "1/2-1/2"]
[WhiteElo "2481"]
[BlackElo "2439"]

1.Nf3 d5 2.g3 c6 3.Bg2 Nf6 4.O-O Bf5 5.b3 h6 6.Bb2 e6 7.d3 Be7 8.Nbd2 O-O
9.c4 a5 10.a3 Bh7 11.Qc2 Nbd7 12.Bc3 b5 13.cxb5 cxb5 14.b4  1/2-1/2

[Event "119th ch-SCO 2012"]
[Site "Glasgow SCO"]
[Date "2012.07.07"]
[Round "1.48"]
[White "Hilton,S"]
[Black "Robertson,Jim"]
[Result "1-0"]
[WhiteElo "1918"]
[BlackElo "1696"]

1.Nf3 d5 2.g3 e6 3.Bg2 f5 4.O-O Nf6 5.c4 c6 6.d3 Bc5 7.Nc3 Qe7 8.a3 a5 9.Bg5 O-O
10.e4 dxe4 11.dxe4 e5 12.exf5 e4 13.Nh4 e3 14.fxe3 Bxe3+ 15.Bxe3 Qxe3+ 16.Kh1 h5
17.Rf4 Ng4 18.Qe1 g5 19.fxg6 Nf2+ 20.Rxf2 Qxf2 21.Qc1 Kg7 22.Ne4 Qd4 23.Qg5 Qd8
24.Qxh5 Rh8 25.Qe5+ Kh6 26.Qf4+ Kg7 27.Qf7+ Kh6 28.g7 Re8 29.Qg6+  1-0

[Event "2nd Polugaevsky Mem"]
[Site "Samara RUS"]
[Date "2012.07.07"]
[Round "3.46"]
[White "Chekletsov,Egor"]
[Black "Kalashnikova,El"]
[Result "0-1"]
[WhiteElo "1917"]
[BlackElo "1706"]

1.Nf3 d5 2.g3 c6 3.Bg2 Nf6 4.O-O Bf5 5.c4 e6 6.d4 h6 7.Nc3 Nbd7 8.cxd5 exd5
9.Re1 Bb4 10.Bd2 Ba5 11.a3 Bxc3 12.Bxc3 O-O 13.b4 a6 14.Bb2 Nb6 15.Nd2 Re8
16.a4 Ne4 17.Nxe4 Bxe4 18.f3 Bg6 19.e4 Nc4 20.Bc3 Qg5 21.f4 Qd8 22.e5 Qd7
23.g4 a5 24.f5 Bh7 25.bxa5 Nxa5 26.Bxa5 Rxa5 27.Qd2 Rea8 28.Qb4 b5 29.e6 Qa7
30.exf7+ Kxf7 31.Qd6 Qxd4+ 32.Kh1 Qf6 33.Qd7+ Kf8 34.Rac1 R5a7 35.Re8+ Rxe8
36.Qxa7 bxa4 37.Qxa4 Qh4 38.Rf1 c5 39.Qc6 c4 40.f6 gxf6 41.Rxf6+ Kg7 42.Rf1 Re1
43.Qb7+ Qe7 44.Qb2+ Qe5 45.Qb7+ Kh8 46.Qc8+ Bg8 47.h3 c3 48.Qc6 Rxf1+ 49.Bxf1 Kg7
50.Bg2 Bf7 51.Qc5 Qe1+ 52.Kh2 Qd2 53.Qe7 Qf4+ 54.Kh1 c2  0-1

[Event "8th RUS-CHN Summit Women Rapid"]
[Site "St Petersburg RUS"]
[Date "2012.07.07"]
[Round "3"]
[White "Ding Yixin"]
[Black "Gunina,V"]
[Result "0-1"]
[WhiteElo "2422"]
[BlackElo "2533"]

1.Nf3 d5 2.g3 c6 3.Bg2 Bg4 4.O-O Nd7 5.c4 e6 6.b3 Ngf6 7.Bb2 a5 8.a3 b5 9.cxb5 cxb5
10.Nc3 b4 11.axb4 Bxb4 12.Nd4 Qb6 13.Na4 Qa6 14.h3 Bh5 15.g4 Bg6 16.d3 O-O
17.f4 Rac8 18.f5 exf5 19.Nxf5 Qe6 20.Bd4 h5 21.Nxg7 Kxg7 22.g5 Kh7 23.gxf6 Rg8
24.e4 dxe4 25.dxe4 Bf8 26.Ra2 Bh6 27.Nc3 Nc5 28.Rxa5 Nxb3 29.Ra4 Nd2 30.Re1 Nxe4
31.Qf3 Nd2 32.Rxe6 Bf5 33.Kf2 Bxe6  0-1

[Event "World Rapid Final"]
[Site "Astana KAZ"]
[Date "2012.07.08"]
[Round "15"]
[White "Mamedyarov,S"]
[Black "Gelfand,B"]
[Result "1-0"]
[WhiteElo "2726"]
[BlackElo "2738"]

1.Nf3 d5 2.g3 c6 3.Bg2 Bg4 4.O-O e6 5.d4 Nf6 6.Nbd2 h6 7.Re1 Bf5 8.b3 Be7
9.Bb2 Nbd7 10.Ne5 O-O 11.c4 Bh7 12.a3 a5 13.Rc1 Nxe5 14.dxe5 Nd7 15.h4 f6
16.Bh3 f5 17.Nf3 Kh8 18.Nd4 Bg8 19.cxd5 cxd5 20.e3 Qb6 21.Ne2 Nc5 22.Bd4 g5
23.hxg5 hxg5 24.Bg2 Rac8 25.Nc3 Qxb3 26.Qh5+ Kg7 27.Nxd5 Bf7 28.Qe2 exd5
29.e6+ Kg6 30.exf7 Ne4 31.g4 Rxc1 32.gxf5+ Kh6 33.Rxc1 Qxa3 34.Ra1 Qd6 35.Bxe4 dxe4
36.Kg2 Bf6 37.Rh1+ Kg7 38.Rh7+  1-0

[Event "35th Barbera Open A"]
[Site "Barbera del Valles ESP"]
[Date "2012.07.08"]
[Round "5.39"]
[White "Medina de Baets,V"]
[Black "Aranaz Portugues,J"]
[Result "0-1"]
[WhiteElo "1978"]
[BlackElo "2189"]

1.Nf3 d5 2.g3 c6 3.Bg2 Nd7 4.d3 e5 5.e4 Ngf6 6.Bg5 dxe4 7.dxe4 h6 8.Bxf6 Qxf6
9.O-O Bc5 10.Nbd2 O-O 11.c3 b5 12.Qe2 a5 13.Nh4 Nb6 14.Nb3 Be7 15.Nf5 Be6
16.Nxe7+ Qxe7 17.Qc2 a4 18.Nc1 Rfd8 19.Nd3 Bc4 20.Rfd1 f6 21.Nb4 Qe6 22.Bf1 Bxf1
23.Kxf1 c5 24.Nd3 Qc6 25.f3 Rd7 26.Qf2 Rad8 27.Ke2 Rc8 28.Qe3 Nc4 29.Qf2 h5
30.b3 Nd6 31.Qe3 Nf7 32.Nf2 Nd6 33.Rd5 Ra8 34.Rxc5 Qa6 35.Rd1 axb3 36.axb3 Qa2+
37.Qd2 Nxe4 38.Rc8+ Kh7 39.Qxa2 Rxa2+ 40.Ke1 Rxd1+ 41.Nxd1 Ng5 42.Ne3 Nxf3+
43.Kd1 Rxh2 44.Rb8 Rd2+ 45.Kc1 Rd3 46.Nf5 Kg6 47.Ne7+ Kg5 48.Kc2 Ne1+ 49.Kb2 Rxg3
50.Rxb5 h4 51.Rb8 h3 52.Rh8 Rg2+ 53.Ka3 h2 54.b4 Nf3 55.b5 Nh4  0-1

[Event "119th ch-SCO 2012"]
[Site "Glasgow SCO"]
[Date "2012.07.08"]
[Round "2.47"]
[White "Noordhoek,H"]
[Black "Mirza,Gabriel"]
[Result "1-0"]
[WhiteElo "2095"]
[BlackElo "1772"]

1.Nf3 d5 2.g3 c6 3.Bg2 Bg4 4.b3 Nd7 5.Bb2 e6 6.O-O Ngf6 7.d3 Be7 8.Nbd2 O-O
9.c4 Re8 10.h3 Bh5 11.Qc2 Qb8 12.e4 e5 13.exd5 cxd5 14.cxd5 Nxd5 15.Nc4 Nb4
16.Qc3 f6 17.d4 e4 18.Nfd2 f5 19.d5 Bf8 20.d6 Nc6 21.g4 fxg4 22.Nxe4 gxh3
23.Qxh3 Be2 24.Qxd7 Bxf1 25.Rxf1 Qd8 26.Qxb7 Na5 27.Qd5+ Kh8 28.Nxa5 Rc8  1-0

[Event "2nd Polugaevsky Mem"]
[Site "Samara RUS"]
[Date "2012.07.08"]
[Round "4.27"]
[White "Purygin,A"]
[Black "Shapiro,Dav"]
[Result "0-1"]
[WhiteElo "2249"]
[BlackElo "2007"]

1.Nf3 d5 2.g3 Nf6 3.Bg2 c6 4.d4 Bf5 5.O-O h6 6.c4 e6 7.Nc3 Be7 8.Qb3 Qb6
9.c5 Qxb3 10.axb3 Nbd7 11.Bf4 g5 12.Be5 Nxe5 13.Nxe5 Nd7 14.Nxd7 Kxd7 15.e4 dxe4
16.Bxe4 Bxe4 17.Nxe4 f5 18.Nd2 Bf6 19.Nc4 Kc7 20.Rad1 b5 21.Nd6 Be7 22.Nf7 Rhf8
23.Ne5 Bf6 24.Rfe1 Rad8 25.f4 gxf4 26.gxf4 Rg8+ 27.Kh1 Bxe5 28.dxe5 Rd5 29.Rxd5 cxd5
30.Ra1 Kb7 31.b4 Rg4 32.Rf1 Kc6 33.Rf3 d4 34.h3 Rg7 35.Ra3 Kd5 36.Ra6 d3
37.Rd6+ Ke4 38.c6 Ke3 39.Rd7 Rg8 40.c7 Rc8 41.Kg2 d2 42.Kf1 Rxc7  0-1

[Event "8th RUS-CHN Summit Women Rapid"]
[Site "St Petersburg RUS"]
[Date "2012.07.08"]
[Round "6"]
[White "Ju Wenjun"]
[Black "Kosteniuk,A"]
[Result "1/2-1/2"]
[WhiteElo "2518"]
[BlackElo "2472"]

1.Nf3 d5 2.g3 c6 3.Bg2 Bg4 4.O-O Nd7 5.h3 Bh5 6.d3 e6 7.b3 Bd6 8.Bb2 f6 9.c4 Ne7
10.d4 O-O 11.Nbd2 a5 12.a3 e5 13.cxd5 cxd5 14.dxe5 Nxe5 15.Nd4 Qd7 16.N2f3 a4
17.Nh4 Bf7 18.f4 N5c6 19.b4 Nxd4 20.Qxd4 Rac8 21.Rac1 Bb8 22.Kh2 Qb5 23.e4 Nc6
24.Qf2 Ba7 25.Qd2 dxe4 26.Bxe4 Rfd8 27.Qg2 Be3 28.Rcd1 Bb3 29.Rxd8+ Rxd8
30.Bc1 Bb6 31.Re1 Bd5 32.Nf5 Bxe4 33.Qxe4 Qd5 34.b5 Qxe4 35.Rxe4 Nd4 36.Nxd4 Rxd4
37.Re6 Ba5 38.Be3 Rd3 39.Bb6 Kf7 40.f5 Rd2+ 41.Kh1 Bxb6 42.Rxb6 Rd7 43.Kg2 g6
44.g4 gxf5 45.gxf5 Kg7 46.h4 Rd2+ 47.Kf3 Rd7 48.Ke4 h5 49.Ke3 Kf7 50.Ke4 Ke7
51.Re6+ Kf7 52.Rb6  1/2-1/2

[Event "8th RUS-CHN Summit Women Rapid"]
[Site "St Petersburg RUS"]
[Date "2012.07.08"]
[Round "8"]
[White "Ju Wenjun"]
[Black "Girya,O"]
[Result "1/2-1/2"]
[WhiteElo "2518"]
[BlackElo "2414"]

1.Nf3 d5 2.g3 c6 3.Bg2 Bg4 4.O-O Nd7 5.d3 Ngf6 6.Qe1 e5 7.e4 dxe4 8.dxe4 Bc5
9.Nbd2 O-O 10.h3 Bh5 11.Nb3 Bb6 12.a4 a5 13.Bd2 Bxf3 14.Bxf3 Nc5 15.Nxc5 Bxc5
16.Qe2 Qb6 17.b3 Rfd8 18.Rad1 h6 19.Bc3 Bd4 20.Bxd4 Rxd4 21.Rxd4 Qxd4 22.Rd1 Qb4
23.Qd3 Rc8 24.Kg2 b5 25.Ra1 Kh7 26.Bg4 Rb8 27.Bf3 Rb7 28.axb5 cxb5 29.Qd8 a4
30.bxa4 bxa4 31.Qa8 Rc7 32.Rxa4 Qc3 33.Qa5 Qxc2 34.Qxe5 Rb7 35.Qd4 Rd7 36.Qc4 Qb2
37.Ra2 Qe5 38.Rc2 h5 39.Qc5 Re7 40.Qxe5 Rxe5 41.Rc4 Kh6 42.Kf1 g5 43.Ke2 g4
44.hxg4 hxg4 45.Bg2 Kg5 46.Ke3 Ra5 47.Rc3 Nd7 48.Bf1 Ne5 49.Be2 f6 50.Rb3 Ra2
51.Rc3 Rb2 52.Bd1 Rb1 53.Be2 Rb2 54.Ra3 Rc2 55.Ra8 Rc3+ 56.Kd4 Rc2 57.Rg8+ Kh5
58.Ke3 Rc3+ 59.Kd2 Ra3 60.Rg7 Ra2+ 61.Ke3 Rb2 62.Rg8 Rb3+ 63.Kd2 Ra3 64.Rc8 Kg5
65.Rc3 Ra2+ 66.Ke3 Rb2 67.f4+ gxf3 68.Bxf3 Nxf3 69.Kxf3 Rb1 70.Rc5+ Kg6 71.Kg4 Re1
72.Kf3 Rf1+ 73.Ke2 Rg1 74.Kf2 Ra1 75.Rc6 Kg5 76.Rc8 Ra2+ 77.Kf3 Ra3+ 78.Kg2 Ra2+
79.Kh3 Re2 80.Rg8+ Kh6 81.Rg4 Kh5 82.Rf4 Kg5 83.Rg4+ Kh5 84.Rf4 Kg5 85.Rg4+  1/2-1/2

[Event "8th RUS-CHN Summit Women Rapid"]
[Site "St Petersburg RUS"]
[Date "2012.07.08"]
[Round "10"]
[White "Ju Wenjun"]
[Black "Gunina,V"]
[Result "1-0"]
[WhiteElo "2518"]
[BlackElo "2533"]

1.Nf3 d5 2.g3 c6 3.Bg2 Bg4 4.O-O Nd7 5.h3 Bh5 6.d4 Ngf6 7.Nbd2 e6 8.c4 Bd6
9.b3 O-O 10.Bb2 Qe7 11.Re1 Ba3 12.Bxa3 Qxa3 13.Qc1 Qe7 14.Qb2 Rad8 15.Rac1 Rfe8
16.b4 dxc4 17.Nxc4 Bxf3 18.Bxf3 e5 19.dxe5 Nxe5 20.Nxe5 Qxe5 21.Qxe5 Rxe5
22.Red1 Rxd1+ 23.Rxd1 Kf8 24.e3 a5 25.Rd8+ Ke7 26.Rb8 Rb5 27.bxa5 Nd7 28.Ra8 Nc5
29.a6 Nxa6 30.Bxc6 Rb1+ 31.Kg2 Nc5 32.Bd5 Rb2 33.Ra3 f5 34.g4 Kd6 35.Bf3 g6
36.gxf5 gxf5 37.Kg3 Ke5 38.Ra5 b6 39.Ra7 h5 40.h4 Nd3 41.Bxh5 Nxf2 42.Bf3 Nd3
43.h5 Rb1 44.h6 Rg1+ 45.Bg2 f4+ 46.Kh2 Rc1 47.h7 Rc8 48.Ra8  1-0

[Event "46th Ilmar Raua Memorial"]
[Site "Vaksali EST"]
[Date "2012.07.08"]
[Round "6"]
[White "Seeman,T"]
[Black "Ehlvest,J"]
[Result "1/2-1/2"]
[WhiteElo "2384"]
[BlackElo "2596"]

1.Nf3 d5 2.g3 c6 3.Bg2 Bg4 4.b3 Nd7 5.Bb2 Ngf6 6.O-O e6 7.d3 Bc5 8.Nbd2 Qe7
9.a3 O-O 10.b4 Bb6 11.c4 a5 12.Qb3 Ra7 13.e4 Rfa8 14.exd5 exd5 15.Rae1 Qd8
16.h3 Bh5 17.Nh4 axb4 18.axb4 Nf8 19.Ndf3 Ne6  1/2-1/2